Kniha zjevených pravd a rozumových argumentů / Sa'adja Ga'on ; přeložili a úvodní studii napsali Daniel Boušek a Dita Válová
Record details
- ISBN: 978-80-200-3225-6
- Physical Description: 386 stran ; 25 cm
- Edition: Vydání první
- Publisher: Praha : Academia, 2021
Content descriptions
| General Note: | Přeloženo z judeoarabského originálu a hebrejského překladu |
| Bibliography, etc. Note: | Obsahuje bibliografii, bibliografické odkazy a rejstříky |
| Language Note: | Anglické resumé |
Search for related items by subject
| Genre: | pojednání kritická vydání monografie essays critical issues monographs |
Search for related items by series
Available copies
- 1 of 1 copy available at Common Catalog SPOK.
Holds
- 0 current holds with 1 total copy.
Show Only Available Copies
| Location | Call Number / Copy Notes | Barcode | Shelving Location | Status | Due Date |
|---|---|---|---|---|---|
| The Jewish community of Prague | J 2119 | 4638302248 | J - Judaika | Available | - |
| LDR | 03836nam a2200961 i 4500 | ||
|---|---|---|---|
| 001 | 54212 | ||
| 003 | CZ-PrJAB | ||
| 005 | 20211130140610.0 | ||
| 007 | ta | ||
| 008 | 210419s2021 xr f 001 0dcze | ||
| 015 | . | ‡acnb003274283 | |
| 020 | . | ‡a978-80-200-3225-6 ‡q(vázáno) | |
| 035 | . | ‡a(CZ PrNK)nkc20203274283 | |
| 035 | . | ‡a(OCoLC)1274109476 | |
| 040 | . | ‡aABA001 ‡bcze ‡dBOA001 ‡erda | |
| 041 | 1 | . | ‡acze ‡beng ‡kheb ‡hjrb |
| 043 | . | ‡aa------ ‡af------ | |
| 045 | . | ‡an-n- | |
| 072 | 7. | ‡a26 ‡xJudaismus ‡2Konspekt ‡95 | |
| 080 | . | ‡a14(=411.16) ‡2MRF | |
| 080 | . | ‡a26-1 ‡2MRF | |
| 080 | . | ‡a26-14/-15 ‡2MRF | |
| 080 | . | ‡a113 ‡2MRF | |
| 080 | . | ‡a26-42 ‡2MRF | |
| 080 | . | ‡a26-183.5 ‡2MRF | |
| 080 | . | ‡a26-187 ‡2MRF | |
| 080 | . | ‡a165.172.173:2-184.3 ‡2MRF | |
| 080 | . | ‡a2-1:101 ‡2MRF | |
| 080 | . | ‡a26-254 ‡2MRF | |
| 080 | . | ‡a26-335 ‡2MRF | |
| 080 | . | ‡a(5-15) ‡2MRF | |
| 080 | . | ‡a(6-17) ‡2MRF | |
| 080 | . | ‡a(049) ‡2MRF | |
| 080 | . | ‡a(0.027) ‡2MRF | |
| 080 | . | ‡a(048.8) ‡2MRF | |
| 100 | 0 | . | ‡aSa'adja ben Josef, ‡d882-942 ‡7zmp2013744353 ‡4aut |
| 240 | 1 | 0. | ‡aKitāb al-amānāt w-al-iʿtiqādāt. ‡lČesky ‡7aun20211126497 |
| 245 | 1 | 0. | ‡aKniha zjevených pravd a rozumových argumentů / ‡cSa'adja Ga'on ; přeložili a úvodní studii napsali Daniel Boušek a Dita Válová |
| 250 | . | ‡aVydání první | |
| 264 | 1. | ‡aPraha : ‡bAcademia, ‡c2021 | |
| 300 | . | ‡a386 stran ; ‡c25 cm | |
| 336 | . | ‡atext ‡btxt ‡2rdacontent | |
| 337 | . | ‡abez média ‡bn ‡2rdamedia | |
| 338 | . | ‡asvazek ‡bnc ‡2rdacarrier | |
| 490 | 1 | . | ‡aJudaica ; ‡vsv. 25 |
| 500 | . | ‡aPřeloženo z judeoarabského originálu a hebrejského překladu | |
| 504 | . | ‡aObsahuje bibliografii, bibliografické odkazy a rejstříky | |
| 546 | . | ‡aAnglické resumé | |
| 600 | 0 | 7. | ‡aSa'adja ben Josef, ‡d882-942. ‡tKitāb al-amānāt w-al-iʿtiqādāt ‡7aun20211111309 ‡2czenas |
| 648 | 7. | ‡a10. století ‡7ch460548 ‡2czenas | |
| 650 | 0 | 7. | ‡ažidovská filozofie ‡7ph127987 ‡zislámské země ‡y10. století ‡2czenas |
| 650 | 0 | 7. | ‡ažidovská teologie ‡7ph127996 ‡zislámské země ‡y10. století ‡2czenas |
| 650 | 0 | 7. | ‡aBůh (judaismus) ‡7ph854345 ‡2czenas |
| 650 | 0 | 7. | ‡astvoření světa ‡7ph126171 ‡xjudaistické pojetí ‡2czenas |
| 650 | 0 | 7. | ‡ažidovská etika ‡7ph127986 ‡2czenas |
| 650 | 0 | 7. | ‡aduše ‡7ph114376 ‡xjudaistické pojetí ‡2czenas |
| 650 | 0 | 7. | ‡aposmrtný život ‡7ph115824 ‡xjudaistické pojetí ‡2czenas |
| 650 | 0 | 7. | ‡arozum a víra ‡7ph934329 ‡xjudaistické pojetí ‡2czenas |
| 650 | 0 | 7. | ‡ateologie a filozofie ‡7ph332188 ‡zislámské země ‡y10. století ‡2czenas |
| 650 | 0 | 7. | ‡arabínská literatura ‡7ph124962 ‡zislámské země ‡y10. století ‡2czenas |
| 650 | 0 | 7. | ‡ažidovští filozofové ‡7ph139120 ‡zislámské země ‡y10. století ‡2czenas |
| 650 | 0 | 9. | ‡aJewish philosophy ‡zIslamic countries ‡y10th century ‡2eczenas |
| 650 | 0 | 9. | ‡aJewish theology ‡zIslamic countries ‡y10th century ‡2eczenas |
| 650 | 0 | 9. | ‡aGod (Judaism) ‡2eczenas |
| 650 | 0 | 9. | ‡acreation ‡xJudaic approach ‡2eczenas |
| 650 | 0 | 9. | ‡aJewish ethics ‡2eczenas |
| 650 | 0 | 9. | ‡asoul ‡xJudaic approach ‡2eczenas |
| 650 | 0 | 9. | ‡alife after death ‡xJudaic approach ‡2eczenas |
| 650 | 0 | 9. | ‡areason and faith ‡xJudaic approach ‡2eczenas |
| 650 | 0 | 9. | ‡atheology and philosophy ‡zIslamic countries ‡y10th century ‡2eczenas |
| 650 | 0 | 9. | ‡arabbinical literature ‡zIslamic countries ‡y10th century ‡2eczenas |
| 650 | 0 | 9. | ‡aJewish philosophers ‡zIslamic countries ‡y10th century ‡2eczenas |
| 655 | 7. | ‡apojednání ‡7fd133056 ‡2czenas | |
| 655 | 7. | ‡akritická vydání ‡7fd249727 ‡2czenas | |
| 655 | 7. | ‡amonografie ‡7fd132842 ‡2czenas | |
| 655 | 9. | ‡aessays ‡2eczenas | |
| 655 | 9. | ‡acritical issues ‡2eczenas | |
| 655 | 9. | ‡amonographs ‡2eczenas | |
| 700 | 1 | . | ‡aBoušek, Daniel, ‡d1973- ‡7pna2005261861 ‡4aui ‡4trl |
| 700 | 1 | . | ‡aVálová, Dita, ‡d1971- ‡7xx0023951 ‡4aui ‡4trl |
| 830 | 0. | ‡aJudaica (Academia) | |
| 910 | . | ‡aABE461 | |
| 995 | . | ‡aska | |
| 901 | . | ‡a54212 ‡bAUTOGEN ‡c54212 ‡tbiblio | |